| 000 | 01649nam a22002417a 4500 | ||
|---|---|---|---|
| 003 | DO-SdBJH | ||
| 005 | 20250423144926.0 | ||
| 008 | 250423b |||||||| |||| 00| 0 spa d | ||
| 040 |
_aDO-SdBJH _bspa _cDO-SdBJH |
||
| 090 |
_aTG AMBC _b02327 2023 |
||
| 100 | 1 |
_aMartínez Amarante, Ashely Ghovanna _esustentante |
|
| 245 | 1 | 0 |
_aAnálisis del sistema de seguridad y control de acceso de la 3ra. Brigada de Infantería ERD en San Juan de la Maguana, período 2020-2022 / _cAshely Ghovanna Martínez Amarante, Albeny Rodríguez, asesores Joaquincito Bocio Familia, Reynaldo Cruz Camacho |
| 260 |
_aSanto Domingo Este : _bINSUDE, _c2023 |
||
| 300 | _av, 49 páginas, tabla, organigrama | ||
| 502 | _aTrabajo de grado (Licenciatura en Ciencias Militares) -- Instituto Superior para la Defensa (INSUDE). Academia Militar del Ejército de República Dominicana "Batalla de las Carreras", 2023 | ||
| 504 | _aIncluye referencias bibliográficas e índices | ||
| 505 | _aBases teóricas que explican los sistemas de seguridad diseño, estructura y su aplicación históricas en la 3ra. Brigada de Infantería ERD. -- Vulnerabilidades del sistema de seguridad y control de acceso de la 3ra. Brigada de Infantería ERD. -- Diagnóstico del sistema de seguridad y control de la 3ra. Brigada de Infantería de l Ejército de República Dominicana | ||
| 700 | 1 |
_aRodríguez, Albeny _esustentante |
|
| 700 | 1 |
_aBocio Familia, Joaquincito _easesor |
|
| 700 | 1 |
_aCruz Camacho, Reynaldo _easesor |
|
| 830 | _aINSUDE. Academia Militar del Ejército de República Dominicana "Batalla de las Carreras";. Trabajo de grado y disertaciones. | ||
| 942 |
_2CL _cT |
||
| 999 |
_c8159 _d8159 |
||